000 00645cam a22002054a 4500
001 13800763
005 20250328185035.0
008 041129s2005 miub b 001 0 eng
020 _a0801027845
020 _a9780801027840
050 0 0 _aBR115.P7
_bS754 2005
082 0 0 _a261.7
_222
100 1 _aStorkey, Alan.
245 1 0 _aJesus and politics :
_bconfronting the powers /
_cAlan Storkey.
260 _aGrand Rapids, MI :
_bBaker Academic,
_cc2005.
300 _a336 p. :
_bmaps ;
_c23 cm.
650 0 _aChristianity and politics.
856 4 1 _3Table of contents
_uhttp://www.loc.gov/catdir/toc/ecip055/2004028170.html
942 _2lcc
_cBK
_n0
999 _c5319
_d5319